Food colloids and polymers: stability and mechanical properties

Gespeichert in:
Bibliographische Detailangaben
Hauptverfasser: Dickinson, Eric (VerfasserIn), Walstra, Pieter (VerfasserIn)
Format: Buch
Sprache:Englisch
Veröffentlicht: Cambridge Royal Society of Chemistry 1993
Schlagworte:
Tags: Tag hinzufügen
Keine Tags, Fügen Sie den ersten Tag hinzu!

MARC

LEADER 00000nam a2200000 a 4500
001 UCY1897
003 CL-VaPUC
008 940928e19930000UK |||||||||||||||||eng|d
082 0 4 |a 664.25  |b DIC  |2 21 
100 0 |a Dickinson, Eric  |e author  |9 329962 
700 0 |a Walstra, Pieter  |e author  |9 329963 
245 1 0 |a Food colloids and polymers: stability and mechanical properties 
300 |a 427 p 
942 |c BK 
945 |d 19940928 00:00:00  |a mfernand 
260 |a Cambridge  |b Royal Society of Chemistry  |c 1993 
650 0 |a Coloides  |9 259819 
650 0 |a Alimentos   |x Composición   |9 329964 
583 |a last modification  |c 20120821 08:43:27  |k Rodrigo Vera 
999 |c 230472  |d 230470 
952 |0 0  |1 0  |4 0  |6 664_250000000000000_DIC_1993  |7 0  |8 A  |9 232772  |a BIBALI  |b BIBALI  |c GEN  |d 2019-11-15  |i 3023575  |o 664.25 DIC 1993  |p 3023575  |r 2025-01-20  |w 2019-11-15  |y BK  |k ALI